00301nam a2200133Ia 45000030006000000080041000060400015000471000018000622450018000802600036000983000006001345460010001400050017001500STCL150530s9999 xx 000 0 und d aSTCLcSTCL aSushama Dawan aHindi Upanyas bRajkamal Prakashan; Delhic1966 a0 aHindi20220125171312.0